| 000 | 00669nam a2200241Ia 4500 | ||
|---|---|---|---|
| 003 | OSt | ||
| 005 | 20220925202035.0 | ||
| 006 | a|||||r|||| 00| 0 | ||
| 007 | ta | ||
| 008 | 220923b |||||||| |||| 00| 0 eng d | ||
| 020 | _a0 19 564903 6 | ||
| 037 | _cGeneral Book | ||
| 040 |
_aRTL _cRTL _beng |
||
| 041 |
_2eng _aeng |
||
| 082 | _aX:54.1,1N95, N9 | ||
| 100 | _aKrueger Anne O Ed. | ||
| 245 | 0 | _aWTO as an international organization | |
| 260 |
_aDelhi _bOxford University Press _c1999 |
||
| 300 |
_axvi, 425p _ccm. |
||
| 650 | _aForeign Trade | ||
| 942 |
_hX:54.1,1N95, N9 _cGB _2CC |
||
| 999 |
_c542269 _d542269 |
||